00980 a2200181 4500003000500000005001700005010001600022020001500038040000900053082001400062100002100076245005000097260003200147300003400179505053900213650003200752650001400784NUST20221229165331.0 a 81005230 a0030596998 cNust00a356.1,ENG1 aEnglish, John A.12aA perspective on infantry /cJohn A. English. aNew York :bPraeger,c1981. axxi, 345 p. :bill. ;c25 cm. aAn Epoch-Making Change: The Decentralization of Infantry Tactics (Page-1), Handyman of battle : Enduring the Shock of Armor (Page-30), The Blindness of A Mole: Comparative Tactics and Infantry Between Wars (Page-49), Far-Weather War: Of Infantry and blitzkrieg (Page-70),The Backbone of Land Forces : Infantry of the Eastern Front (Page-90), Cutting Edge of Battle: Second Front Infantry (Page-128), Cinderella of the Army (Page-165), Beyond Deterrence (Page-197), Foul-weather Warriors : Toward A Perfection of Infantry (Page-231).  0aInfantry drill and tactics. 0aInfantry.